Przypadki etnografa z przypadku
| Titel: | Przypadki etnografa z przypadku / Barbara Bazielich |
|---|---|
| Verfasser: | |
| Veröffentlicht: | Bytom : Muzeum Górnośląskie, 2012 |
| Umfang: | 199 Seiten : Illustrationen ; 24 cm |
| Format: | Buch |
| Sprache: | Polnisch |
| ISBN: | 838888042X ; 9788388880421 |
| Hinweise zum Inhalt: |
Inhaltsverzeichnis
|
alg: 43198378 001A $03004:25-05-18 001B $01999:29-05-18 $t11:47:59.000 001C $03004:25-05-18 $t07:29:13.000 001D $03004:25-05-18 001U $0utf8 001X $00 002@ $0Aau 002C $aText $btxt $2rdacontent 002D $aohne Hilfsmittel zu benutzen $bn $2rdamedia 002E $aBand $bnc $2rdacarrier 003@ $043198378X 003O $0829757487 $aOCoLC 004A $083-88880-42-X 004A $A978-83-88880-42-1 006C $0829757487 $aOCoLC 007A $043198378X $aHEB 007G $0DE020794C4E358E6D1E8EC125829B00408255 009P $qapplication/pdf $A2 $3Inhaltsverzeichnis $uhttp://scans.hebis.de/HEBCGI/show.pl?43198378_toc.pdf $mV:DE-603;B:DE-Mb50 010@ $apol 010E $erda 011@ $a2012 013D $RAutobiografische Literatur $RBiografie $RErlebnisbericht $RQuelle $RTagebuch $#Autobiography $#Autobiographie $#Autobiographies $#Autobiographies $#Autobiographie $#Autobiographisches Erzählen $#Autobiografisches Erzählen $#Erinnerungen Formschlagwort $#Lebenserinnerungen $#Memoiren $#Selbstbiographie $#Selbstbiografie $#Autobiographik $#Autobiografik $74003939-0 $8Autobiografie [Ts1] $9085002275 021A $aPrzypadki etnografa z przypadku $hBarbara Bazielich 028A $BVerfasser $#Bazielich, Barbara Maria $#Bazielichowa, Barbara $#Bazielichówna, Barbara $4aut $7103240381 $8Bazielich, Barbara$Z1929-2017 [Tp1] $9138663696 033A $pBytom $nMuzeum Górnośląskie 034D $a199 Seiten 034I $a24 cm 034M $aIllustrationen 044K $RSozialwissenschaftlerin $RVolkskundlerin $REthnologe $#Women ethnologists $#Femmes ethnologues $#Völkerkundlerin $#Ethnographin $74202034-7 $8Ethnologin [Ts1] $9086023446 044K $#Bazielich, Barbara Maria $#Bazielichowa, Barbara $#Bazielichówna, Barbara $7103240381 $8Bazielich, Barbara$Z1929-2017 [Tp1] $9138663696 lok: 43198378 24 exp: 43198378 24 1 #EPN 201B/01 $025-05-18 $t08:16:27.000 201C/01 $025-05-18 201U/01 $0utf8 203@/01 $01022463837 208@/01 $a25-05-18 $bz 209A/01 $a18.03681 $du $f050 $h18 03681 $x00 209C/01 $a18.03681 K $h18 03681 K 209G/01 $a73990386 $x00 220C/01 $aho-sz 247C/01 $8358050-7Marburg, Bibliothek des Herder-Instituts Marburg $9102600961
| LEADER | 00000cam a2200000 c 4500 | ||
|---|---|---|---|
| 001 | 43198378X | ||
| 003 | DE-603 | ||
| 005 | 20180529114759.0 | ||
| 007 | tu | ||
| 008 | 180525s2012 xx |||| | u00||u|pol c | ||
| 020 | |a 838888042X | ||
| 020 | |a 9788388880421 | ||
| 035 | |a (DE-599)HEB43198378X | ||
| 035 | |a (OCoLC)829757487 | ||
| 040 | |a DE-603 |b ger |c DE-603 |d DE-603 |e rda | ||
| 041 | |a pol | ||
| 100 | 1 | |a Bazielich, Barbara |d 1929-2017 |e Verfasser |4 aut |0 (DE-603)138663696 |0 (DE-588)103240381 |2 gnd | |
| 245 | 0 | 0 | |a Przypadki etnografa z przypadku |c Barbara Bazielich |
| 264 | 1 | |a Bytom |b Muzeum Górnośląskie |c 2012 | |
| 300 | |a 199 Seiten |b Illustrationen |c 24 cm | ||
| 336 | |a Text |b txt |2 rdacontent | ||
| 337 | |a ohne Hilfsmittel zu benutzen |b n |2 rdamedia | ||
| 338 | |a Band |b nc |2 rdacarrier | ||
| 600 | 1 | 7 | |a Bazielich, Barbara |d 1929-2017 |0 (DE-588)103240381 |0 (DE-603)138663696 |2 gnd |
| 650 | 7 | |a Ethnologin |0 (DE-588)4202034-7 |0 (DE-603)086023446 |2 gnd | |
| 655 | 7 | |a Autobiografie |2 gnd-content |0 (DE-588)4003939-0 |0 (DE-603)085002275 | |
| 856 | 4 | 2 | |m V:DE-603;B:DE-Mb50 |q application/pdf |u http://scans.hebis.de/HEBCGI/show.pl?43198378_toc.pdf |3 Inhaltsverzeichnis |
| 924 | 0 | |9 Mb 50 |a (DE-603)1022463837 |b DE-Mb50 |c HES |d c |g 18.03681 | |


